Burlington magazine for connoisseurs. (Record no. 605)

MARC details
000 -LEADER
campo de control de longitud fija 00744nas a2200241 i 4500
001 - NÚMERO DE CONTROL
campo de control 605
003 - IDENTIFICADOR DE NÚMERO DE CONTROL
campo de control ES-MaACL
005 - FECHA Y HORA DE LA ÚLTIMA TRANSACCIÓN
campo de control 20250812062549.0
008 - DATOS DE LONGITUD FIJA--INFORMACIÓN GENERAL
campo de control de longitud fija 950801d19031947xxkm| | 1 ||ng d
080 ## - NÚMERO DE LA CLASIFICACIÓN DECIMAL UNIVERSAL
Número de la Clasificación Decimal Universal 410
245 04 - MENCIÓN DEL TÍTULO
Título Burlington magazine for connoisseurs.
260 ## - PUBLICACIÓN, DISTRIBUCIÓN, ETC.
Lugar de publicación, distribución, etc. London, etc :
Nombre del editor, distribuidor, etc. The Burlington Magazine,
Fecha de publicación, distribución, etc. 1903-1947 (
Fabricante Odhams Limited ; Herbert Relach)
300 ## - DESCRIPCIÓN FÍSICA
Extensión 45 v. :
Otras características físicas grab ;
Dimensiones 32 cm.
310 ## - PERIODICIDAD ACTUAL
Periodicidad actual Mensual
362 0# - FECHAS DE PUBLICACIÓN Y/O DESIGNACIÓN SECUENCIAL
Fecha de publicación y/o designación secuencial Vol. 1 (Mar. 1903)-v. 89 (Dec. 1947) = no. 1-537.
650 17 - PUNTO DE ACCESO ADICIONAL DE MATERIA--TÉRMINO DE MATERIA
Término de materia o nombre geográfico como elemento de entrada Arte
Fuente del encabezamiento o término embne
9 (RLIN) 10068
700 1# - ENTRADA AGREGADA--NOMBRE PERSONAL
Nombre de persona Fry, Roger E.,
Término indicativo de función/relación
9 (RLIN) 227486
700 0# - ENTRADA AGREGADA--NOMBRE PERSONAL
Nombre de persona Cust, Lionel,
Término indicativo de función/relación
9 (RLIN) 227487
700 0# - ENTRADA AGREGADA--NOMBRE PERSONAL
Nombre de persona Read, Herbert.
9 (RLIN) 95668
852 ## - LOCALIZACIÓN
Ubicación ES-MaACL
Número de control de estantería Hem-213
866 #0 - MENCIÓN TEXTUAL DE FONDOS--UNIDAD BIBLIOGRÁFICA BÁSICA
Fondos (1912)1913-34(1935).
Holdings
Estatus retirado Estado de pérdida Estado de daño No para préstamo Colección Biblioteca de origen Biblioteca actual Ubicación en estantería Fecha de adquisición Fuente de adquisición Total de préstamos Signatura topográfica completa Código de barras Visto por última vez Precio de reemplazo Tipo de ítem Koha
        Periódicos y Revistas Biblioteca del Ateneo de Madrid Biblioteca del Ateneo de Madrid Depósito 1 17/01/2008     Hem-213 1000618 23/02/2023 23/02/2023 Revista